Plavání Teorie a didaktika

Bibliographic Details
Main Author: Hoch, Miloslav, 1915-1994 (Author)
Format: Book
Language:Undetermined
PhysicalDescription:171 s.
Published: Praha Státní pedagogické nakladatelství 1987

MARC

LEADER 00000nam a2200000 a 4500
001 vtls001329262
003 SK-MaSNL
005 20260416165349.0
008 240313s1987 xx 0 und
035 |a SNK000282101 
040 |a SNK  |b slo  |c SNK  |e AACR2 
100 1 |a Hoch, Miloslav,  |d 1915-1994  |4 aut  |9 102581 
245 1 |a Plavání  |b Teorie a didaktika 
260 |a Praha  |b Státní pedagogické nakladatelství  |c 1987 
300 |a 171 s. 
958 |a OND 
999 |c 976039  |d 977969 
952 |a SNK  |b SNK  |y VYP  |7 0  |p 17A0492478  |o snkIC 106444  |i snkKIP 10373/87  |0 0  |1 0  |4 0  |d 2005-12-08  |l 0  |r 2026-02-24 11:04:43  |w 2026-02-24 
952 |a SNK  |b SNK  |y VYP  |7 0  |p 17A0136257  |o snkIC 106444 D1  |i snkKIP 10374/87  |3 rekatalogizácia  |0 0  |1 1  |4 0  |d 2006-03-10  |l 0  |r 2026-02-24 11:04:43  |w 2026-02-24